000
00236nam a22000857a 4500
008
160914b xxu||||| |||| 00| 0 eng d
100
_9
416
_a
Gupta. R.G ettal
245
_a
Composide Mathematics-III
260
_a
New Delhi
_b
APC publications
_c
2012
999
_c
3073
_d
3073